000
00300nam a2200133Ia 4500
008
240112s1968 JULY xx 000 0 und d
041
_a
eng
082
_a
617.05
100
_a
JONES E.
245
_a
ARCHIVES OF SURGERY
260
_b
A.M.A
_c
1968 JULY
300
_a
1062,HB
_c
1
440
_v
97
999
_c
1141686
_d
1141686